Normal view
MARC view
Entry Topical Term
001 - CONTROL NUMBER
- control field: 257040
003 - CONTROL NUMBER IDENTIFIER
- control field: OSt
005 - DATE AND TIME OF LATEST TRANSACTION
- control field: 20260227103306.0
008 - FIXED-LENGTH DATA ELEMENTS
- fixed length control field: 260227|| aca||aabn | a|a d
040 ## - CATALOGING SOURCE
- Original cataloging agency: OSt
- Transcribing agency: OSt
150 ## - HEADING--TOPICAL TERM
- Topical term or geographic name entry element: Economic Planning
670 ## - SOURCE DATA FOUND
- Source citation: Work cat.: (OSt)212035: Taneja M L 257039, Economics of development and planning: with special reference to India, 2021